Responses for show #2643 - Wednesday, February 14, 1996

1996 College Championship quarterfinal game 3.

Contestants

Shane Whitlock, a junior from the University of Arkansas

Mark Schmidt, a freshman from Baldwin Wallace College

Vandana Madhavan, a sophomore from Harvard University

Jeopardy! Round responses

COUNTRIES OF THE WORLD
STAR TREK ALIENS
NOVELS & NOVELISTS
CANDIES & CONFECTIONS
IN THE NEWS
FILE UNDER "Q"
    $100 2
Switzerland

Shane
    $100 22
Klingon

Vandana
    $100 7
Steinbeck

Mark
    $100 1
lollipop

Shane
    $100 12
Miss America

Shane
    $100 17
quilt

Shane
    $200 3
Costa Rica

Mark
    $200 24
Vulcan

Shane
    $200 8
Wuthering Heights

Vandana
    $200 23
cotton candy

Mark
    $200 13
Quebec

Vandana
    $200 18
Dan Quayle

Vandana
    $300 4
Israel

Vandana
    $300 25
Quark

Shane
    $300 9
(H.G.) Wells

Shane
    $300 28
marshmallow

Vandana
    $300 14
Hubble

Shane
    $300 19
QWERTY

Vandana
    $400 5
(Vandana: Um, what is Saudi Arabia?)

Egypt

VandanaShane
    $400 26
(Whoopi) Goldberg

Shane
    $400 10
(Thomas) Hardy

Shane
    $400 29
pineapple

Vandana
    $400 15
(Stephen) Hawking

Shane
    $400 20
quadruped

Vandana
    $600 6
Slovakia

Shane
    $500 27
nose

Triple Stumper
    $500 11
(Sir Walter) Scott

Shane
    $500 30
nougat

Vandana
    $500 16
Shannon Faulkner

Vandana
    $500 21
Quezon

Shane

Scores at the first commercial break (after clue 15):

Vandana Mark Shane
$300 $300 $3,200

Scores at the end of the Jeopardy! Round:

Vandana Mark Shane
$3,000 $500 $4,700

Double Jeopardy! Round responses

THE ELEMENTS
NAMES
DESERTS
AMERICAN HISTORY
COLLEGES & UNIVERSITIES
QUOTATIONS
    $200 3
iron

Shane
    $200 18
Marlon

Shane
    $200 11
Sahara

Mark
    $200 1
Franklin Roosevelt

Shane
    $200 16
Harvard

Vandana
    $200 26
(Nathan) Hale

Shane
    $400 5
hydrogen

Vandana
    $400 22
Matthew

Mark
    $400 12
Mojave

Shane
    $400 2
(General) Wayne

Vandana
    $400 17
Crimson Tide

Vandana
    $400 27
knees

Mark
    $600 6
tin

Shane
    $600 23
Ichabod

Mark
    $600 13
Australia

Shane
    $600 4
"Old Ironsides"

Vandana
    $600 19
University of Michigan

Vandana
    $600 28
(Thomas) Paine

Shane
    $800 9
helium

Vandana
    $800 24
amethyst

Shane
    $1,500 14
Kalahari

Shane
    $800 7
Ghent

Vandana
    $800 20
Purdue

Shane
    $800 29
Darwin

Shane
    $1000 10
Actinium

Vandana
    $1000 25
basil

Triple Stumper
    $1000 15
Atacama

Shane
    $1000 8
Panama Canal

Vandana
    $1000 21
Vassar

Vandana
    $1000 30
giants

Mark

Scores at the end of the Double Jeopardy! Round:

Vandana Mark Shane
$10,200 $3,100 $12,600

Final Jeopardy! Round responses

LAKES
MarkWhat is the Great Salt Lake?
$3,100
VandanaWhat is the Great Salt Lake?
$200
ShaneWhat is the Great Salt Lake?
$0
Great Salt Lake

Final scores:

Vandana Mark Shane
$10,400 $6,200 $12,600
2nd place: $1,000 if eliminated 3rd place: $1,000 if eliminated Automatic semifinalist

Game dynamics:

Coryat scores:

Vandana Mark Shane
$10,200 $3,100 $11,800
22 R,
1 W
8 R,
0 W
28 R
(including 3 DDs),
0 W

Combined Coryat: $25,100

The J! Archive is created by fans, for fans. The Jeopardy! game show and all elements thereof, including but not limited to copyright and trademark thereto, are the property of Jeopardy Productions, Inc. and are protected under law. This website is not affiliated with, sponsored by, or operated by Jeopardy Productions, Inc. Join the discussion at JBoard.tv.